Metamorphosis (Record no. 10989)

MARC details
000 -LEADER
fixed length control field 00378nam a22001697a 4500
003 - CONTROL NUMBER IDENTIFIER
control field OSt
008 - FIXED-LENGTH DATA ELEMENTS--GENERAL INFORMATION
fixed length control field 210814b ||||| |||| 00| 0 eng d
020 ## - INTERNATIONAL STANDARD BOOK NUMBER
International Standard Book Number 9788172345136
082 ## - DEWEY DECIMAL CLASSIFICATION NUMBER
Classification number 823
Item number KAM
100 G# - MAIN ENTRY--PERSONAL NAME
Personal name KAFKA, Franz
245 ## - TITLE STATEMENT
Title Metamorphosis
250 ## - EDITION STATEMENT
Edition statement Rep
260 ## - PUBLICATION, DISTRIBUTION, ETC. (IMPRINT)
Place of publication, distribution, etc New Delhi
Name of publisher, distributor, etc Fingerprint Pub.
Date of publication, distribution, etc 2017
300 ## - PHYSICAL DESCRIPTION
Extent 100
650 ## - SUBJECT ADDED ENTRY--TOPICAL TERM
Topical term or geographic name as entry element Biography
942 ## - ADDED ENTRY ELEMENTS (KOHA)
Source of classification or shelving scheme Dewey Decimal Classification
Koha item type Text Books
Holdings
Withdrawn status Lost status Source of classification or shelving scheme Damaged status Not for loan Collection code Home library Current library Date acquired Source of acquisition Currency Cost, normal purchase price Bill Number Total Checkouts Full call number Acc. no. / Barcode Date last seen Date last borrowed Actual Cost, discounted price Bill Date Koha item type Public note
    Dewey Decimal Classification     GENERAL PIET C-LIBRARY PIET C-LIBRARY 25/09/2021 Prism Books and Stationery Shop IN Rupees 99.00 GST-IN284 2 823 KAM 33264 30/03/2026 12/03/2026 79.20 25/09/2021 Text Books Biography

Design & Developed by: PIET Central Library
R70 Miles Stone Pattikalyana Samalkha Panipat 132102
mail ID :- [email protected], Phone No:- 0180-2569700 Ex.216